La causalidad en la Filosofía de Alfredo North Whitehead
Tallennettuna:
| Päätekijä: | |
|---|---|
| Aineistotyyppi: | Kirja |
| Kieli: | Undetermined |
| Julkaistu: |
San José, Costa Rica
Universidad de Costa Rica, Escuela de Filosofía
|
| Aiheet: | |
| Tagit: |
Lisää tagi
Ei tageja, Lisää ensimmäinen tagi!
|
MARC
| LEADER | 00000nam a2200000Ia 4500 | ||
|---|---|---|---|
| 008 | 170316s9999 xx 000 0 und d | ||
| 999 | |c 13894 |d 13894 | ||
| 040 | |a cru BVZT | ||
| 090 | |a TESIS 275 | ||
| 100 | |a Coronado Céspedes, Luis G. | ||
| 245 | |a La causalidad en la Filosofía de Alfredo North Whitehead | ||
| 260 | |a San José, Costa Rica |b Universidad de Costa Rica, Escuela de Filosofía | ||
| 300 | |a 209 páginas | ||
| 650 | |a LICENCIATURA EN FILOSOFÍA | ||
| 650 | |a TRABAJO FINAL DE GRADUACIÓN |9 237 | ||
| 942 | |c TFG |h TESIS 275 |2 z | ||
